000 00186 a2200097 4500
020 _a9789707110502
041 _aspa
100 _aAnonimo
245 _aUn sastrecillo valiente
942 _cBK
999 _c9264
_d9264